[Event "TUR-chT 2nd League"]
[Site "Konya"]
[Date "2018.07.19"]
[Round "6.15"]
[White "Unsal, Omer"]
[Black "Turkmenoglu, Mehmed Said"]
[Result "1/2-1/2"]
[WhiteElo "1619"]
[BlackElo "1728"]
[PlyCount "58"]
[EventDate "2018.07.16"]
[EventType "team-swiss"]
[EventRounds "9"]
[EventCountry "TUR"]
[SourceTitle "EXT 2019"]
[Source "ChessBase"]
[SourceDate "2018.10.10"]
[SourceVersion "1"]
[SourceVersionDate "2018.10.10"]
[SourceQuality "1"]
[WhiteTeam "Ayidin Nazilli Belediyesi"]
[BlackTeam "Adamlari Amator"]
[WhiteTeamCountry "TUR"]
[BlackTeamCountry "TUR"]

1. e4 e6 2. d4 d5 3. Nd2 Nf6 4. Bd3 c5 5. e5 Nfd7 6. c3 Nc6 7. Ngf3 Qb6 8. dxc5 Bxc5 9. Qe2 Qc7 10. Nb3 a5 11. a4 Qb6 12. Bb5 0-0 13. Nxc5 Qxc5 14. 0-0 Qe7 15. Bd3 h6 16. Bc2 b6 17. Qd3 f5 18. exf6 Nxf6 19. Qg6 Qf7 20. Qg3 Kh8 21. Nh4 Ne7 22. Bg6 Qg8 23. Qc7 Bd7 24. Qd6 Nc8 25. Qg3 Ne7 26. Qd6 Nc8 27. Qg3 Ne7 28. Qd6 Nc8 29. Qg3 Ne7 1/2-1/2

[Event "TUR-ch"]
[Site "Antalya"]
[Date "2013.02.04"]
[Round "4"]
[White "Soylemez, Cansu"]
[Black "Turkmenoglu, Mehmed Said"]
[Result "1-0"]
[WhiteElo "1966"]
[BlackElo "1676"]
[PlyCount "61"]
[EventDate "2013.02.02"]
[EventType "swiss"]
[EventRounds "11"]
[EventCountry "TUR"]
[SourceTitle "CBM 152 Extra"]
[Source "ChessBase"]
[SourceDate "2013.02.25"]
[SourceVersion "1"]
[SourceVersionDate "2013.02.25"]
[SourceQuality "1"]

1. d4 d5 2. c4 c6 3. Nf3 Nf6 4. e3 Bf5 5. Nc3 e6 6. Be2 Nbd7 7. 0-0 Bd6 8. b3 Ne4 9. Bb2 Qf6 10. Nd2 Qh6 11. f4 g5 12. Ncxe4 dxe4 13. c5 Bc7 14. d5 Rg8 15. d6 Bd8 16. b4 gxf4 17. exf4 Bh3 18. g3 Bxf1 19. Qxf1 Qg6 20. Re1 a5 21. Bc4 f5 22. Bb3 a4 23. Bd1 h5 24. Qc4 h4 25. Nf1 b5 26. cxb6 Bxb6+ 27. Kh1 hxg3 28. Nxg3 Bf2 29. Bh5 Qxh5 30. Nxh5 Bxe1 31. Qxe6+ 1-0

[Event "TUR-ch"]
[Site "Antalya"]
[Date "2013.02.03"]
[Round "3"]
[White "Turkmenoglu, Mehmed Said"]
[Black "Oney, Riza"]
[Result "1/2-1/2"]
[WhiteElo "1676"]
[BlackElo "1879"]
[PlyCount "61"]
[EventDate "2013.02.02"]
[EventType "swiss"]
[EventRounds "11"]
[EventCountry "TUR"]
[SourceTitle "CBM 152 Extra"]
[Source "ChessBase"]
[SourceDate "2013.02.25"]
[SourceVersion "1"]
[SourceVersionDate "2013.02.25"]
[SourceQuality "1"]

1. d4 d5 2. Bf4 Nf6 3. e3 e6 4. Nf3 c6 5. Nbd2 Be7 6. c3 Nbd7 7. Bd3 Nh5 8. Bg3 Nxg3 9. hxg3 f5 10. Ne5 Nxe5 11. dxe5 g6 12. Qe2 Qc7 13. f4 Bd7 14. g4 0-0-0 15. gxf5 gxf5 16. g4 fxg4 17. Rxh7 Bh4+ 18. Kd1 Rxh7 19. Bxh7 Be8 20. Bg8 Bf7 21. Bxf7 Qxf7 22. Qxg4 Rg8 23. Qxh4 Rg1+ 24. Kc2 Rxa1 25. Qf6 Qg8 26. f5 exf5 27. Qxf5+ Kc7 28. e6 Kd6 29. Nb3 Qg2+ 30. Nd2 Qg8 31. Nb3 1/2-1/2